|
|
|
|
| LEADER |
00000nam0a2200000 4500 |
| 001 |
252138 |
| 005 |
20231101232724.0 |
| 035 |
|
|
|a (RuTPU)RU\TPU\book\274461
|
| 035 |
|
|
|a RU\TPU\book\33123
|
| 090 |
|
|
|a 252138
|
| 100 |
|
|
|a 20140227d1952 k y0rusy50 ca
|
| 101 |
1 |
|
|a rus
|c eng
|
| 102 |
|
|
|a RU
|
| 105 |
|
|
|a а z 000zy
|
| 200 |
1 |
|
|a Статистическая механика
|e пер. с англ.
|f Дж. Э. Майер, М. Гепперт-Майер
|
| 210 |
|
|
|a Москва
|c Изд-во иностранной литературы
|d 1952
|
| 215 |
|
|
|a 477 с.
|c ил.
|
| 606 |
1 |
|
|a Статистическая механика
|2 stltpush
|3 (RuTPU)RU\TPU\subj\56840
|9 74727
|
| 610 |
1 |
|
|a газы
|
| 610 |
1 |
|
|a классическая механика
|
| 610 |
1 |
|
|a квантовая механика
|
| 610 |
1 |
|
|a терминология
|
| 610 |
1 |
|
|a определения
|
| 610 |
1 |
|
|a фазовое пространство
|
| 610 |
1 |
|
|a идеальные газы
|
| 610 |
1 |
|
|a термодинамика
|
| 610 |
1 |
|
|a законы
|
| 610 |
1 |
|
|a двухатомные газы
|
| 610 |
1 |
|
|a многоатомные газы
|
| 610 |
1 |
|
|a газовые смеси
|
| 610 |
1 |
|
|a химическое равновесие
|
| 610 |
1 |
|
|a формулы
|
| 610 |
1 |
|
|a твердое тело
|
| 610 |
1 |
|
|a уравнение Ван-дер- Ваальса
|
| 610 |
1 |
|
|a неидеальный газ
|
| 610 |
1 |
|
|a конденсация
|
| 610 |
1 |
|
|a критическая область
|
| 610 |
1 |
|
|a электрические поля
|
| 610 |
1 |
|
|a магнитные поля
|
| 610 |
1 |
|
|a вырожденные газы
|
| 610 |
1 |
|
|a приложения
|
| 675 |
|
|
|a 531.19
|v 3
|
| 700 |
|
1 |
|a Майер
|b Д. Э.
|
| 701 |
|
1 |
|a Гепперт-Майер
|b М.
|
| 801 |
|
0 |
|a RU
|b 63413507
|c 20011210
|g PSBO
|
| 801 |
|
2 |
|a RU
|b 63413507
|c 20210602
|g PSBO
|
| 942 |
|
|
|c BK
|